[Event "4NCL 2023-24"]
[Site "England ENG"]
[Date "2024.01.13"]
[Round "3.2"]
[Board "6"]
[White "Camacho Collados, Jose"]
[Black "Zakarian, Dimitrios Levon"]
[Result "1/2-1/2"]
[WhiteTitle "IM"]
[WhiteElo "2370"]
[BlackElo "1966"]
[WhiteTeam "Chessable White Rose 1"]
[BlackTeam "Oxford 1"]
[WhiteFideId "2265427"]
[BlackFideId "453080"]
[EventDate "2023.11.11"]

1. e4 c5 2. Nf3 e6 3. d3 b5 4. g3 Bb7 5. Bg2 d6 6. O-O Nf6 7. Re1 Be7 8. Na3 a6
9. c3 O-O 10. Nc2 Qc7 11. Bf4 Nbd7 12. Qe2 Rfd8 13. Rad1 Rac8 14. h4 e5 15. Bg5
Nf8 16. Ne3 h6 17. Bxf6 Bxf6 18. Bh3 Rb8 19. Nh2 g6 20. h5 Bg7 21. Nd5 Bxd5 22.
exd5 c4 23. hxg6 Nxg6 24. Nf1 cxd3 25. Rxd3 b4 26. Qe4 Qa5 27. Rf3 Ne7 28. Rxf7
Kxf7 29. Be6+ Ke8 30. Qf3 Rd7 31. Bxd7+ Kxd7 32. Qg4+ Ke8 33. Qxg7 Qxd5 34. Ne3
Qf7 35. Qxh6 bxc3 36. bxc3 Rb2 37. Nd1 Rxa2 38. Qxd6 Ng6 39. c4 Qf5 40. c5 a5
41. Qd5 Rc2 42. Re3 Qd7 43. Qg8+ Ke7 44. Nc3 Qf5 45. Ne4 Qf7 46. Qxf7+ Kxf7 47.
Ra3 Ke6 48. Rxa5 Kd5 49. f3 Kd4 50. Ra4+ Ke3 51. Ra3+ Kd4 52. Kf1 Ne7 53. Ke1
Nd5 54. Kd1 Rh2 55. Kc1 Nb4 56. Ra4 Kc4 57. c6 Rh6 58. c7 Rc6 59. c8=Q Rxc8 60.
Nd6+ Kb3+ 61. Nxc8 Kxa4 62. g4 Nd5 63. g5 Kb4 64. Kd2 Kc4 65. Nd6+ Kc5 66. Nf7
Kd4 67. Nd6 Nf4 68. Ne4 Ng6 69. Ke2 Nf4+ 70. Kf2 Ng6 71. Nf6 Nf4 72. Kg3 Ng6 73.
Kg4 Ke3 74. Ne4 Ne7 75. Nd6 Ng6 76. Nf5+ Kd3 77. Nh4 Ne7 78. g6 e4 79. f4 e3 80.
Kf3 e2 81. Kf2 Nxg6 82. Ng2 1/2-1/2

[Event "4NCL 2023-24"]
[Site "England ENG"]
[Date "2024.01.13"]
[Round "3.2"]
[Board "7"]
[White "Phan, Stefanus Kf"]
[Black "Turner, Max N"]
[Result "1/2-1/2"]
[BlackTitle "CM"]
[WhiteElo "2019"]
[BlackElo "2269"]
[WhiteTeam "Oxford 1"]
[BlackTeam "Chessable White Rose 1"]
[WhiteFideId "5806283"]
[BlackFideId "447722"]
[EventDate "2023.11.11"]

1. c4 e6 2. g3 d5 3. Bg2 Nf6 4. Nf3 Be7 5. O-O O-O 6. b3 d4 7. Bb2 c5 8. e3 Nc6
9. exd4 cxd4 10. Re1 Re8 11. d3 Bc5 12. Ne5 Nxe5 13. Rxe5 Qd6 14. f4 Rb8 15. a3
a5 16. a4 b6 17. Na3 Bb7 18. Nb5 Qd7 19. h3 Rbd8 20. Qc2 Qc8 21. Qf2 Nd7 22. Re2
Bxg2 23. Qxg2 Nb8 24. Kh2 Qc6 25. Re4 f5 26. Re2 Qxg2+ 27. Kxg2 Rd7 28. Kf3 Nc6
29. g4 fxg4+ 30. hxg4 Rf7 31. Ke4 Ref8 32. Rf1 Rd7 33. Rh2 g6 34. Rfh1 Rdf7 35.
Bc1 Rd8 36. Bb2 Rdd7 37. Rh3 Rf8 38. Re1 g5 39. Bc1 gxf4 40. Bxf4 Ne7 41. Rf3
Ng6 42. Ref1 Nh4 43. R3f2 Rg7 44. g5 Rgf7 45. Nc7 Re7 46. Be5 Rxf2 47. Rxf2 Ng6
48. Nb5 Nxe5 49. Kxe5 Rg7 50. Rg2 Rg6 51. Kf4 h6 52. Rg4 Kf7 53. gxh6 Rxh6 54.
Ke5 Rh5+ 55. Ke4 Rh1 56. Nxd4 Re1+ 57. Kf3 Rb1 58. Ke4 Bxd4 59. Kxd4 Rxb3 60.
Rh4 Ke7 61. Ke5 Rxd3 62. Rh7+ Kd8 63. Rb7 Rb3 64. c5 Kc8 65. Rxb6 Rxb6 1/2-1/2

[Event "4NCL 2023-24"]
[Site "England ENG"]
[Date "2024.01.13"]
[Round "3.2"]
[Board "8"]
[White "Ciocan, Maria-Alexandra"]
[Black "Hariharan, Shambavi"]
[Result "1-0"]
[WhiteElo "1978"]
[BlackElo "1867"]
[WhiteTeam "Chessable White Rose 1"]
[BlackTeam "Oxford 1"]
[WhiteFideId "1227130"]
[BlackFideId "488160"]
[EventDate "2023.11.11"]

1. e4 c6 2. d4 d5 3. Nc3 dxe4 4. Nxe4 Nf6 5. Nxf6+ exf6 6. c3 Bd6 7. Bd3 O-O 8.
Qc2 Re8+ 9. Ne2 h5 10. Be3 h4 11. O-O-O Nd7 12. h3 Nf8 13. Rhg1 Be6 14. a3 b5
15. g3 Bc4 16. gxh4 Bxd3 17. Qxd3 Qe7 18. h5 Qe4 19. Qxe4 Rxe4 20. d5 c5 21. Ng3
Bxg3 22. Rxg3 c4 23. Bh6 g5 24. hxg6 Nxg6 25. Be3 a6 26. Bb6 Re7 27. Bd4 f5 28.
Rg5 Re4 29. Rxf5 Nf4 30. Rg1+ Kf8 31. Bc5+ Re7 32. Rxf4 1-0

[Event "4NCL 2023-24"]
[Site "England ENG"]
[Date "2024.01.13"]
[Round "3.3"]
[Board "1"]
[White "Waldhausen Gordon, Frederick"]
[Black "Haria, Ravi"]
[Result "0-1"]
[WhiteTitle "FM"]
[BlackTitle "GM"]
[WhiteElo "2376"]
[BlackElo "2496"]
[WhiteTeam "Alba"]
[BlackTeam "Wood Green"]
[WhiteFideId "2409143"]
[BlackFideId "415820"]
[EventDate "2023.11.11"]

1. d4 d5 2. c4 e6 3. Nf3 Nf6 4. Nc3 Bb4 5. cxd5 exd5 6. Bg5 h6 7. Bh4 Nbd7 8. e3
g5 9. Bg3 Ne4 10. Nd2 Nxg3 11. hxg3 Nb6 12. Bd3 Be6 13. Rc1 Be7 14. Na4 Nxa4 15.
Qxa4+ c6 16. b4 Kf8 17. b5 cxb5 18. Qxb5 Rb8 19. Nb3 a6 20. Qa4 Bd7 21. Qa5
Qxa5+ 22. Nxa5 Bb4+ 23. Ke2 Bxa5 24. Rc5 Bb4 25. Rxd5 Bg4+ 26. f3 Be6 27. Rxg5
Bxa2 28. g4 Be6 29. d5 Bd7 30. e4 Be7 31. Rgh5 Kg7 32. Ke3 Bc5+ 33. Kd2 f6 34.
Be2 Bd6 35. Ke3 Rbc8 36. Rb1 b5 37. Ra1 Rc3+ 38. Kd2 Rhc8 39. Rxa6 Bf4+ 40. Ke1
Bg3+ 41. Kd2 Rc2+ 42. Ke3 R8c3+ 43. Kd4 0-1

[Event "4NCL 2023-24"]
[Site "England ENG"]
[Date "2024.01.13"]
[Round "3.3"]
[Board "2"]
[White "Murphy, Conor E"]
[Black "Olson, Hamish"]
[Result "0-1"]
[WhiteTitle "IM"]
[BlackTitle "FM"]
[WhiteElo "2484"]
[BlackElo "2359"]
[WhiteTeam "Wood Green"]
[BlackTeam "Alba"]
[WhiteFideId "421669"]
[BlackFideId "2404257"]
[EventDate "2023.11.11"]

1. e4 e5 2. Nf3 Nc6 3. Bc4 Bc5 4. c3 Nf6 5. d3 a5 6. O-O Ba7 7. Re1 d6 8. Na3
O-O 9. Nb5 Bb8 10. d4 h6 11. Bf1 Ne7 12. c4 Ng6 13. h3 c6 14. Nc3 Ba7 15. Be3
Bd7 16. Qc2 Qb8 17. Rad1 Rd8 18. a4 Nf8 19. c5 exd4 20. Bxd4 Bxc5 21. Bxc5 dxc5
22. e5 Ne8 23. Nd2 Ne6 24. Nb3 Nd4 25. Nxd4 cxd4 26. Rxd4 Bf5 27. Qd2 Rxd4 28.
Qxd4 Qd8 29. Rd1 Qxd4 30. Rxd4 Nc7 31. g4 Ne6 32. Rd6 Bc2 33. Bc4 Nc5 34. f4 Kf8
35. Rd2 Bb3 36. Bxb3 Nxb3 37. Rd1 Nc5 38. Kf2 g5 39. Kf3 gxf4 40. Kxf4 Ra6 41.
Ne4 Nxe4 42. Kxe4 Rb6 43. Rd2 Ke7 44. Kf5 Rb4 45. Re2 Rxa4 46. e6 Rb4 47. exf7+
Kxf7 48. Ke5 h5 49. gxh5 Kg7 50. Kd6 Rb5 51. Kc7 Kh6 52. Kb8 Kxh5 53. Re7 Rxb2
54. Re5+ Kh4 55. Rxa5 Kxh3 56. Kc7 Kg4 57. Kd6 Kf4 58. Ra4+ Ke3 59. Kc5 Rb5+ 60.
Kc4 Ke4 61. Ra8 Ke5 62. Rd8 Ke6 63. Rh8 Kd6 64. Rh7 Rb1 65. Rh6+ Kc7 66. Rh7+
Kb6 67. Rh5 Ka6 68. Rh8 b5+ 69. Kc5 Rc1+ 70. Kb4 Rc4+ 71. Kb3 Kb6 72. Rh6 Re4
73. Rg6 b4 74. Rg5 c5 75. Ka4 Re6 76. Rg8 Re3 77. Rg3 Re1 78. Rg6+ Kc7 79. Kb3
Re3+ 80. Kb2 Kd7 81. Rh6 Re6 82. Rh8 Kc6 83. Rh5 Kb5 84. Kb3 Re3+ 85. Kb2 Kc4
86. Rh4+ Kd5 87. Rh5+ Kd4 88. Rh7 c4 89. Rd7+ Ke4 90. Rb7 Re2+ 91. Kc1 b3 0-1

[Event "4NCL 2023-24"]
[Site "England ENG"]
[Date "2024.01.13"]
[Round "3.3"]
[Board "3"]
[White "Gourlay, Iain"]
[Black "Speelman, Jon S"]
[Result "0-1"]
[WhiteTitle "FM"]
[BlackTitle "GM"]
[WhiteElo "2307"]
[BlackElo "2500"]
[WhiteTeam "Alba"]
[BlackTeam "Wood Green"]
[WhiteFideId "2401533"]
[BlackFideId "400033"]
[EventDate "2023.11.11"]

1. Nf3 Nf6 2. g3 b5 3. Bg2 Bb7 4. Na3 a6 5. c4 bxc4 6. Nxc4 e6 7. b4 Nc6 8. a3
a5 9. Nxa5 Nxa5 10. bxa5 Rxa5 11. Bb2 Be7 12. a4 O-O 13. Bc3 Ra6 14. d3 Qa8 15.
e4 d5 16. e5 Nd7 17. O-O c5 18. d4 cxd4 19. Nxd4 Nxe5 20. Re1 Bf6 21. f4 Nc6 22.
f5 Qa7 0-1

[Event "4NCL 2023-24"]
[Site "England ENG"]
[Date "2024.01.13"]
[Round "3.3"]
[Board "4"]
[White "Harvey, Marcus R"]
[Black "Berry, Neil"]
[Result "1-0"]
[WhiteTitle "IM"]
[BlackTitle "FM"]
[WhiteElo "2468"]
[BlackElo "2263"]
[WhiteTeam "Wood Green"]
[BlackTeam "Alba"]
[WhiteFideId "400092"]
[BlackFideId "2400650"]
[EventDate "2023.11.11"]

1. c4 e6 2. Nf3 d5 3. b3 Nf6 4. Bb2 c5 5. cxd5 exd5 6. e3 Nc6 7. d4 cxd4 8. Nxd4
Bd6 9. Be2 O-O 10. Nd2 Re8 11. O-O Ne4 12. Nxe4 Nxd4 13. Qxd4 Be5 14. Qd2 Bxb2
15. Rad1 Rxe4 16. Qxb2 Be6 17. Bf3 Rb4 18. Qe5 Qe8 19. Qc3 a5 20. Bxd5 Rc8 21.
Qb2 Rb5 22. Bxe6 Qxe6 23. Rc1 h5 24. Rfd1 Rg5 25. Rxc8+ Qxc8 26. Qd4 Qc2 27.
Qd8+ Kh7 28. Qd3+ Qxd3 29. Rxd3 Rc5 30. g3 b5 31. Rd2 Kg6 32. Kg2 b4 33. Kf3 Kf5
34. h3 g6 35. Ke2 Ke5 36. Kd1 Ke4 37. Ke2 Ke5 38. Kf3 f6 39. Ke2 Rc1 40. g4 hxg4
41. hxg4 g5 42. Kf3 Rc3 43. Kg3 Ke6 44. Kg2 Ke5 45. Kf3 Rc1 46. Ke2 Rc3 47. Rb2
Rc1 48. Kd2 Rg1 49. Rc2 Kd5 50. Ke2 Rb1 51. f4 gxf4 52. exf4 Ke4 53. Rc4+ Kd5
54. Ke3 Re1+ 55. Kf3 Rf1+ 56. Kg2 Ra1 57. Rc2 Ke4 58. g5 fxg5 59. fxg5 Rd1 60.
Kg3 Kf5 61. Rc5+ Kg6 62. Rxa5 Rd2 63. Kf4 Rf2+ 64. Ke3 Rg2 65. Kd4 Rg4+ 66. Kc5
Kxg5 67. Rb5 1-0

[Event "4NCL 2023-24"]
[Site "England ENG"]
[Date "2024.01.13"]
[Round "3.3"]
[Board "5"]
[White "Shafi, Declan"]
[Black "Gasanov, Eldar"]
[Result "1/2-1/2"]
[BlackTitle "GM"]
[WhiteElo "2224"]
[BlackElo "2474"]
[WhiteTeam "Alba"]
[BlackTeam "Wood Green"]
[WhiteFideId "2405156"]
[BlackFideId "14104466"]
[EventDate "2023.11.11"]

1. d4 e6 2. Nf3 Nf6 3. g3 b5 4. Bg2 Bb7 5. O-O c5 6. a4 b4 7. dxc5 Bxc5 8. a5
O-O 9. Nbd2 d5 10. Nb3 Bd6 11. Bf4 Ba6 12. Re1 Bxf4 13. gxf4 Qd6 14. Qd4 Rc8 15.
Qe5 Ne4 16. Qxd6 Nxd6 17. Nbd4 Nd7 18. b3 Ne4 19. Ne5 Nxe5 20. fxe5 Nc3 21. Bf1
Nb5 22. Nxb5 Bxb5 23. Ra2 d4 24. e3 d3 25. Bxd3 Bxd3 26. cxd3 Rc3 27. d4 Rxb3
28. Rc1 Rc3 29. Rxc3 bxc3 30. Rc2 Rc8 31. Kf1 Rc4 32. Ke2 g5 33. Kd3 Ra4 34.
Kxc3 Rxa5 35. e4 a6 36. Kb4 Rb5+ 37. Kc4 Kf8 38. Ra2 Rb6 39. d5 Ke7 40. Kc5 Rb5+
41. Kc6 Rb4 42. f3 Rc4+ 43. Kb6 exd5 44. exd5 f6 45. exf6+ Kd6 46. Rxa6 Rf4 47.
Kb7+ Kxd5 48. Ra5+ Ke6 49. Rxg5 1/2-1/2

[Event "4NCL 2023-24"]
[Site "England ENG"]
[Date "2024.01.13"]
[Round "3.3"]
[Board "6"]
[White "Turner, Matthew J"]
[Black "McKay, Roderick M"]
[Result "1-0"]
[WhiteTitle "GM"]
[BlackTitle "IM"]
[WhiteElo "2454"]
[BlackElo "2179"]
[WhiteTeam "Wood Green"]
[BlackTeam "Alba"]
[WhiteFideId "402893"]
[BlackFideId "2400049"]
[EventDate "2023.11.11"]

1. Nf3 d6 2. Nc3 e5 3. d4 Nd7 4. e4 c6 5. Bc4 Be7 6. dxe5 Nxe5 7. Nxe5 dxe5 8.
Qh5 g6 9. Qxe5 Nf6 10. Bh6 Rg8 11. Rd1 Qb6 12. Be3 Qb4 13. Bb3 Nd7 14. Qc7 Bf6
15. f4 g5 16. O-O Bd8 17. Bxf7+ Kxf7 18. Rxd7+ Bxd7 19. Qxd7+ Kg6 20. f5+ Kh6
21. Qe6+ 1-0

[Event "4NCL 2023-24"]
[Site "England ENG"]
[Date "2024.01.13"]
[Round "3.3"]
[Board "7"]
[White "Swanson, Stephen"]
[Black "Wadsworth, Matthew J"]
[Result "0-1"]
[BlackTitle "IM"]
[WhiteElo "2145"]
[BlackElo "2450"]
[WhiteTeam "Alba"]
[BlackTeam "Wood Green"]
[WhiteFideId "2400251"]
[BlackFideId "415804"]
[EventDate "2023.11.11"]

1. e4 e6 2. d3 d5 3. Nd2 Nf6 4. c3 Be7 5. g3 O-O 6. Bg2 a5 7. Ngf3 a4 8. O-O Nc6
9. Re1 dxe4 10. dxe4 Nd7 11. Nd4 Nce5 12. N2f3 c5 13. Nc2 c4 14. Ne3 b5 15. Nd4
Qb6 16. Qh5 Bb7 17. Ng4 Nxg4 18. Qxg4 Ne5 19. Qh5 Nd3 20. Re2 b4 21. Be3 Bc5 22.
a3 bxc3 23. bxc3 Ra5 24. Qg4 Re8 25. h4 Kh8 26. h5 h6 27. Rd2 Bc8 28. Qd1 e5 29.
Nc2 Bxe3 30. Nxe3 Be6 31. Bf1 Nc5 32. Rb1 Qc7 33. f3 Nb3 34. Rd6 Qc5 35. Kf2
Raa8 36. f4 f5 37. Bg2 exf4 38. gxf4 fxe4 39. Rb2 Qxa3 40. Re2 Qc5 41. Re1 a3
42. Bxe4 a2 43. Bxa8 a1=Q 44. Rd8 Qxa8 0-1

[Event "4NCL 2023-24"]
[Site "England ENG"]
[Date "2024.01.13"]
[Round "3.3"]
[Board "8"]
[White "Toma, Katarzyna"]
[Black "Roy, Ali"]
[Result "1/2-1/2"]
[WhiteTitle "WGM"]
[BlackTitle "WFM"]
[WhiteElo "2201"]
[BlackElo "1948"]
[WhiteTeam "Wood Green"]
[BlackTeam "Alba"]
[WhiteFideId "1119907"]
[BlackFideId "2400456"]
[EventDate "2023.11.11"]

1. e4 e6 2. d3 d5 3. Nd2 Nf6 4. Ngf3 c5 5. g3 Nc6 6. Bg2 Be7 7. O-O O-O 8. e5
Nd7 9. Re1 b6 10. h4 Bb7 11. Nf1 Qc7 12. Bf4 a5 13. h5 b5 14. N1h2 a4 15. Ng4 b4
16. h6 g6 17. c4 dxc4 18. dxc4 Rfd8 19. Qc1 Nd4 20. Nxd4 cxd4 21. Bg5 Nc5 22.
Bxe7 Qxe7 23. Bxb7 Qxb7 24. Qf4 Qe7 25. Rad1 d3 26. Nf6+ Kh8 27. Ne4 d2 28. Re3
Nd3 29. Rxd3 Rxd3 30. Nd6 f5 31. c5 b3 32. axb3 axb3 33. Rxd2 Rxd2 34. Qxd2 Qc7
35. Qg5 Rf8 36. Qe3 Ra8 37. Kh2 Rf8 38. Qxb3 Qxc5 39. Qb7 Qxf2+ 40. Kh3 1/2-1/2

[Event "4NCL 2023-24"]
[Site "England ENG"]
[Date "2024.01.13"]
[Round "3.4"]
[Board "1"]
[White "Peralta, Fernando"]
[Black "Kilpatrick, Callum"]
[Result "1-0"]
[WhiteTitle "GM"]
[BlackTitle "IM"]
[WhiteElo "2580"]
[BlackElo "2385"]
[WhiteTeam "Cheddleton"]
[BlackTeam "Celtic Tigers 1"]
[WhiteFideId "105309"]
[BlackFideId "414425"]
[EventDate "2023.11.11"]

1. d4 Nf6 2. c4 e6 3. Nc3 Bb4 4. e3 c5 5. a3 Bxc3+ 6. bxc3 Nc6 7. Bd3 e5 8. Ne2
d6 9. O-O O-O 10. e4 Re8 11. d5 Na5 12. Ng3 h6 13. Ra2 Nh7 14. f4 f6 15. f5 Re7
16. h4 Qe8 17. Nh5 Kf8 18. g4 Qf7 19. g5 hxg5 20. hxg5 fxg5 21. f6 gxf6 22. Raf2
f5 23. Rxf5 Bxf5 24. Rxf5 Kg8 25. Rxf7 Rxf7 26. Qg4 b6 27. Qe6 Nb7 28. Ng3 Rf8
29. Nf5 Kh8 30. Qg6 Rd7 31. Bc2 Rf6 32. Qe8+ Nf8 33. Bxg5 Rg6 34. Qxf8+ Kh7 35.
Kf2 Rxg5 36. Qh6+ 1-0

[Event "4NCL 2023-24"]
[Site "England ENG"]
[Date "2024.01.13"]
[Round "3.4"]
[Board "2"]
[White "Pein, Malcolm"]
[Black "Asis Gargatagli, Hipolito"]
[Result "0-1"]
[WhiteTitle "IM"]
[BlackTitle "GM"]
[WhiteElo "2274"]
[BlackElo "2493"]
[WhiteTeam "Celtic Tigers 1"]
[BlackTeam "Cheddleton"]
[WhiteFideId "400289"]
[BlackFideId "2260735"]
[EventDate "2023.11.11"]

1. Nf3 Nf6 2. c4 b6 3. g3 Bb7 4. d4 g6 5. Bg2 Bg7 6. Nc3 O-O 7. d5 Na6 8. O-O
Nc5 9. Nd4 e5 10. Nc2 a5 11. d6 Bxg2 12. Kxg2 c6 13. Be3 Ne6 14. f3 Nh5 15. Na4
Rb8 16. Rb1 f5 17. Bf2 f4 18. g4 Nf6 19. b4 axb4 20. Nxb4 h5 21. h3 hxg4 22.
hxg4 Nxg4 23. fxg4 Qg5 24. Rh1 e4 25. Kf1 e3 26. Bh4 Qxg4 27. Nd5 cxd5 28. Qxd5
f3 29. exf3 Rxf3+ 30. Ke1 Qg2 31. Ra1 0-1

[Event "4NCL 2023-24"]
[Site "England ENG"]
[Date "2024.01.13"]
[Round "3.4"]
[Board "3"]
[White "Arkell, Keith C"]
[Black "Gallana, Marco"]
[Result "1-0"]
[WhiteTitle "GM"]
[WhiteElo "2371"]
[BlackElo "2258"]
[WhiteTeam "Cheddleton"]
[BlackTeam "Celtic Tigers 1"]
[WhiteFideId "400270"]
[BlackFideId "824542"]
[EventDate "2023.11.11"]

1. c4 Nf6 2. Nf3 g6 3. g3 c6 4. Bg2 Bg7 5. d4 d5 6. Nbd2 O-O 7. O-O Bf5 8. b3 a5
9. Bb2 a4 10. e3 Qb6 11. Re1 Na6 12. Bc3 axb3 13. Qxb3 Qxb3 14. axb3 Ne4 15.
Nxe4 Bxe4 16. Nd2 Bxg2 17. Kxg2 Nc5 18. Reb1 Bf6 19. Kf3 Rfc8 20. Ke2 h5 21. f4
Kf8 22. Rc1 Ne4 23. Nxe4 dxe4 24. b4 e6 25. Kd2 Ke8 26. Kc2 Kd7 27. c5 Bd8 28.
Kb3 b5 29. cxb6 Bxb6 30. h3 Rg8 31. g4 Rxa1 32. Rxa1 hxg4 33. hxg4 Rh8 34. Ra6
Kc7 35. d5 Rh3 36. dxc6 Rxe3 37. Kc4 Rxc3+ 38. Kxc3 Kxc6 39. g5 Kb5 40. Rxb6+
Kxb6 41. Kd4 e5+ 42. fxe5 Kb5 43. Kxe4 Kxb4 44. e6 1-0

[Event "4NCL 2023-24"]
[Site "England ENG"]
[Date "2024.01.13"]
[Round "3.4"]
[Board "4"]
[White "Quinn, John M"]
[Black "Pert, Richard G"]
[Result "0-1"]
[BlackTitle "IM"]
[WhiteElo "2075"]
[BlackElo "2411"]
[WhiteTeam "Celtic Tigers 1"]
[BlackTeam "Cheddleton"]
[WhiteFideId "405043"]
[BlackFideId "404748"]
[EventDate "2023.11.11"]

1. d4 d5 2. c4 e6 3. Nc3 c5 4. cxd5 cxd4 5. Qxd4 Nc6 6. Qd1 exd5 7. Qd2 d4 8.
Qxd4 Bd7 9. Qd5 Nf6 10. Nf3 Bd6 11. Qd1 Bc5 12. e3 Qe7 13. Be2 O-O-O 14. O-O Kb8
15. b4 Nxb4 16. Bb2 Bf5 17. Qa4 Bc2 18. Qb5 a6 19. Qc4 Nd3 20. Nd5 Nxd5 21. Qxc2
Nxf2 22. Be5+ Ka8 23. Rxf2 Bxe3 24. Rb1 Rc8 25. Qb3 Rhd8 26. Bc4 Bxf2+ 27. Kxf2
Nf6 28. Kf1 Rd7 29. Bxf6 Qxf6 30. Bd5 Rcc7 31. Re1 Qd6 32. Re8+ Ka7 33. Qe3+ Qc5
34. Bb3 Qxe3 35. Rxe3 f6 36. Ke2 b5 37. Rd3 Rxd3 38. Kxd3 a5 39. Nd4 Kb6 40. Bg8
g6 41. h3 Rg7 42. Bb3 a4 43. Be6 f5 44. a3 Re7 45. Bg8 f4 46. Be6 Kc5 47. h4 h5
48. Ke4 Kd6 49. Nxb5+ Kxe6 50. Kxf4 Rf7+ 51. Ke3 Rb7 52. Nc3 Rb3 53. Kd4 Rxa3 0-1

[Event "4NCL 2023-24"]
[Site "England ENG"]
[Date "2024.01.13"]
[Round "3.4"]
[Board "5"]
[White "Kirk, Ezra"]
[Black "Zulfic, Fedja"]
[Result "1-0"]
[WhiteTitle "IM"]
[WhiteElo "2407"]
[BlackElo "2100"]
[WhiteTeam "Cheddleton"]
[BlackTeam "Celtic Tigers 1"]
[WhiteFideId "600067"]
[BlackFideId "3208427"]
[EventDate "2023.11.11"]

1. Nf3 c5 2. g3 g6 3. Bg2 Bg7 4. O-O Nc6 5. c4 e5 6. Nc3 Nge7 7. Ne1 O-O 8. Nc2
d6 9. a3 Be6 10. Ne3 Qd7 11. Re1 Bh3 12. Bh1 f5 13. Ned5 f4 14. Ne4 fxg3 15.
hxg3 Nxd5 16. cxd5 Nd4 17. d3 Qg4 18. Be3 Rad8 19. Bg2 Bxg2 20. Kxg2 Nf5 21. Bg5
Rd7 22. f3 Qxg5 23. Nxg5 Ne3+ 24. Kh3 Nxd1 25. Raxd1 Bh6 26. Ne4 Be3 27. Rb1 b5
28. a4 b4 29. b3 Kg7 30. Kg2 h6 31. Rh1 Rff7 32. Rh3 Rf8 33. Rbh1 Rff7 34. Nf2
Bxf2 35. Kxf2 h5 36. Kg2 Kf6 37. Rh4 Rg7 38. e4 Rgf7 39. Kf2 Kg7 40. Ke3 Rf6 41.
f4 Rdf7 42. f5 gxf5 43. Rxh5 f4+ 44. gxf4 Rxf4 45. Rh7+ Kf8 46. Rh8+ Ke7 47. Ra8
Kf6 48. Rg1 Rh7 49. Rf8+ Rf7 50. Rgg8 Ke7 51. Rxf7+ Rxf7 52. Ra8 Kf6 53. Re8 Rd7
54. Kf3 Kg5 55. Kg3 Kh5 56. a5 Rg7+ 57. Kf3 Rg1 58. Rh8+ 1-0

[Event "4NCL 2023-24"]
[Site "England ENG"]
[Date "2024.01.13"]
[Round "3.4"]
[Board "6"]
[White "Horton, Jamie A"]
[Black "Eggleston, David J"]
[Result "1/2-1/2"]
[BlackTitle "IM"]
[WhiteElo "2190"]
[BlackElo "2341"]
[WhiteTeam "Celtic Tigers 1"]
[BlackTeam "Cheddleton"]
[WhiteFideId "421472"]
[BlackFideId "412120"]
[EventDate "2023.11.11"]

1. d4 Nf6 2. c4 e6 3. Nc3 Bb4 4. Qc2 O-O 5. a3 Bxc3+ 6. Qxc3 b6 7. Bg5 Bb7 8. f3
h6 9. Bh4 d5 10. e3 Nbd7 11. cxd5 Nxd5 12. Bxd8 Nxc3 13. Bh4 Nd5 14. Bf2 c5 15.
Ne2 Rac8 16. e4 Ne7 17. Nc3 cxd4 18. Bxd4 Nc5 19. Rd1 Rfd8 20. Be2 Nb3 1/2-1/2

[Event "4NCL 2023-24"]
[Site "England ENG"]
[Date "2024.01.13"]
[Round "3.4"]
[Board "7"]
[White "Clarke, Brandon G I"]
[Black "Pein, Jonathan"]
[Result "1-0"]
[WhiteTitle "IM"]
[BlackTitle "FM"]
[WhiteElo "2490"]
[BlackElo "2235"]
[WhiteTeam "Cheddleton"]
[BlackTeam "Celtic Tigers 1"]
[WhiteFideId "400319"]
[BlackFideId "417092"]
[EventDate "2023.11.11"]

1. e4 e6 2. d4 d5 3. Nc3 Bb4 4. e5 c5 5. a3 Bxc3+ 6. bxc3 Nc6 7. Qg4 g6 8. Nf3
Qa5 9. Bd2 Qa4 10. Qf4 h6 11. dxc5 Qxc2 12. Bb5 g5 13. Qe3 Qe4 14. O-O Ne7 15.
Nd4 Bd7 16. Rab1 O-O-O 17. Nxc6 Bxc6 18. Bd3 Nf5 19. Bxe4 Nxe3 20. Bxe3 dxe4 21.
Bd4 g4 22. h3 h5 23. Kh2 Rdg8 24. Rbe1 Rg5 25. Be3 Rgg8 26. Rd1 a6 27. Rg1 Kc7
28. Rd4 Kc8 29. h4 Rd8 30. Bg5 Rd7 31. Bf6 Rg8 32. Kg3 Kc7 33. Rd6 Kc8 34. Bg5
Rxd6 35. cxd6 Kd7 36. Rb1 Rg6 37. Rb6 Rg8 38. Kf4 Rg6 39. g3 Rg8 40. Bf6 Rg6 41.
a4 Rg8 42. a5 Rg6 43. c4 Rg8 44. Ke3 Re8 45. Kd4 Rg8 46. Rb4 Rc8 47. Bg5 Ke8 48.
Rb2 Kd7 49. Rd2 Ke8 50. Kc3 Kd7 51. Kb4 Ke8 52. Rd1 Kd7 53. Rd4 Rg8 54. Kc5 Rc8
55. Kb6 Ra8 56. Rd2 Rg8 57. Rc2 Rc8 58. Rb2 Rf8 59. Rb4 Ra8 60. Be3 Rf8 61. Ka7
f6 62. exf6 Rxf6 63. Rxb7+ Bxb7 64. Kxb7 Rf8 65. Bb6 Rc8 66. Bc7 Rf8 67. c5 Rxf2
68. c6+ 1-0

[Event "4NCL 2023-24"]
[Site "England ENG"]
[Date "2024.01.13"]
[Round "3.4"]
[Board "8"]
[White "Serbanescu, Diana-Maria"]
[Black "Sandu, Mihaela"]
[Result "0-1"]
[WhiteTitle "CM"]
[BlackTitle "WGM"]
[WhiteElo "1990"]
[BlackElo "2270"]
[WhiteTeam "Celtic Tigers 1"]
[BlackTeam "Cheddleton"]
[WhiteFideId "1200550"]
[BlackFideId "1204327"]
[EventDate "2023.11.11"]

1. e4 e5 2. Nf3 Nc6 3. Bc4 Bc5 4. c3 Nf6 5. d3 a6 6. a4 d6 7. h3 Ne7 8. O-O Ba7
9. d4 Nxe4 10. dxe5 d5 11. Bd3 Bf5 12. Nd4 Qd7 13. Qf3 Bg6 14. Nd2 c5 15. Ne2
Nc6 16. Bxe4 dxe4 17. Nxe4 Nxe5 18. Nf6+ Ke7 19. Qe3 gxf6 20. f4 Qd3 21. fxe5
Qxe3+ 22. Bxe3 fxe5 23. Bg5+ Kd7 24. Rad1+ Kc7 25. c4 b5 26. axb5 axb5 27. Nc3
bxc4 28. Nb5+ Kc6 29. Nc3 f5 30. Rd5 Bb8 31. Be7 Bf7 32. Rxc5+ Kd7 33. Bf6 Ba7
34. Bxh8 Bxc5+ 35. Kh1 Rxh8 36. Rxf5 Ke6 37. Rf1 Bg6 0-1

[Event "4NCL 2023-24"]
[Site "England ENG"]
[Date "2024.01.13"]
[Round "3.5"]
[Board "1"]
[White "Grieve, Harry"]
[Black "Chow, Samuel"]
[Result "1/2-1/2"]
[WhiteTitle "IM"]
[BlackTitle "FM"]
[WhiteElo "2470"]
[BlackElo "2356"]
[WhiteTeam "The Sharks 1"]
[BlackTeam "Chessable White Rose 2"]
[WhiteFideId "426520"]
[BlackFideId "3202992"]
[EventDate "2023.11.11"]

1. e4 e6 2. d4 d5 3. Nc3 Bb4 4. e5 c5 5. a3 Bxc3+ 6. bxc3 Ne7 7. Qg4 Qc7 8. Qxg7
Rg8 9. Qxh7 cxd4 10. Ne2 Nbc6 11. f4 dxc3 12. Qd3 d4 13. Nxd4 Nxd4 14. Qxd4 Bd7
15. Rg1 Nf5 16. Qf2 Qc6 17. Bd3 Qd5 18. Be3 Nxe3 19. Qxe3 Rxg2 20. Rxg2 Qxg2 21.
Be4 Qxh2 22. O-O-O Bc6 23. Bxc6+ bxc6 24. Qd4 Qe2 25. Qxc3 Qe4 26. Qd2 Qf3 27.
Qd7+ Kf8 28. Kb2 Qxf4 29. Qd6+ Kg7 30. Rg1+ Kh8 31. Kb1 Qh2 32. Rf1 Kg7 33. Qc7
Rf8 34. Qxa7 Qxe5 35. Qg1+ Kh6 36. Qh1+ Qh5 37. Qxc6 Rb8+ 38. Ka2 Qe5 39. Rh1+
Kg7 40. Rg1+ Kf8 41. Rb1 Rxb1 42. Kxb1 f5 43. a4 Ke7 44. Qb6 f4 45. a5 f3 46.
Qb7+ Kd8 47. Qxf3 1/2-1/2